[Event "U. S. Open"]
[Site "Middleton, WI"]
[Date "2013.07.31"]
[Round "3"]
[White "Grabinsky Aaron  (OR)"]
[Black "Chakraborty Dipro  (AZ)"]
[Result "0-1"]
[WhiteElo "2055"]
[BlackElo "2304"]
[Annotator ""]
[Source ""]
[Remark ""]

1.e4 c5 2.Nc3 Nc6 3.f4 g6 4.Nf3 Bg7 5.Bb5 Nd4 6.O-O a6 7.Bc4
e6 8.d3 b5 9.Bb3 Bb7 10.Be3 Ne7 11.Qe1 d5 12.Bxd4 cxd4 13.Nd1
dxe4 14.dxe4 O-O 15.Nf2 Qb6 16.Nd3 Nc6 17.f5 Na5 18.Qh4 exf5
19.exf5 Nc4 20.Bxc4 bxc4 21.Nde5 Bxf3 22.Nd7 Qd8 23.f6 Bd5 24.Nxf8
Bxf8 25.Qxd4 Rc8 26.Qe5 Rc6 27.Rad1 Rd6 28.c3 h6 29.Qe2 Qb6+
30.Qf2 Qc6 31.Qg3 Re6 32.Rd2 Bc5+ 33.Kh1 Rxf6 34.Rfd1 Rf5 35.Qh4
Rg5 36.Qh3 Bd6 37.b3 Rh5 38.Qg4 Rxh2+ 39.Kg1 Qb6+ 40.Rd4 Rxg2+ 0-1

[Event "U. S. Open"]
[Site "Middleton, WI"]
[Date "2013.08.01"]
[Round "4"]
[White "Hilby Craig  (CA)"]
[Black "Dixon Dakota  (WA)"]
[Result "1/2-1/2"]
[WhiteElo "2219"]
[BlackElo "2119"]
[Annotator ""]
[Source ""]
[Remark ""]

1.e4 c5 2.Nf3 Nc6 3.d4 cxd4 4.Nxd4 Nf6 5.Nc3 d6 6.Bg5 e6 7.Qd2
a6 8.O-O-O h6 9.Bf4 e5 10.Nxc6 bxc6 11.Bxe5 Bg4 12.f3 dxe5 13.Qxd8+
Rxd8 14.Rxd8+ Kxd8 15.fxg4 a5 16.Bc4 Bb4 17.Bxf7 Bxc3 18.bxc3
Nxg4 19.h3 Nf6 20.Rd1+ Ke7 21.Bg6 Nd7 22.Rd3 Nc5 23.Rf3 Rf8 24.Rxf8
Kxf8 25.Kd2 Ke7 26.Ke3 Kf6 27.Be8 g6 28.Bxc6 Kg5 29.Kf3 Kf6 30.h4
Kf7 31.Kg4 Kf6 32.a3 Ke6 33.c4 Kf6 34.Bd5 Nd7 35.c5 Nxc5 36.Kf3
Ke7 37.g3 Nd7 38.Ke3 Kd6 39.Bf7 g5 40.Kd3 Kc5 41.Be6 Nf6 42.Bf5
gxh4 43.gxh4 Nh5 44.Kc3 Nf4 45.Kb3 Kb5 46.Bd7+ Kc5 47.Ka4 Kb6
48.Bg4 Ka6 49.Bc8+ Kb6 50.Bd7 Ne2 51.Bf5 Nf4 52.Bg4 Ka6 53.Bd7
Kb6 54.Kb3 Kc5 55.Kc3 Kd6 56.Bf5 Kc5 57.a4 Nh5 58.Bg6 Nf6 1/2-1/2

[Event "U. S. Open"]
[Site "Middleton, WI"]
[Date "2013.08.01"]
[Round "4"]
[White "Yu Corbin Z  (OR)"]
[Black "Schmakel Sam (IL)"]
[Result "1/2-1/2"]
[WhiteElo "2176"]
[BlackElo "2346"]
[Annotator ""]
[Source ""]
[Remark ""]

1.Nf3 Nf6 2.g3 d5 3.Bg2 g6 4.c4 dxc4 5.Qa4+ c6 6.Qxc4 Bg7 7.Nc3
O-O 8.d4 Bf5 9.O-O Ne4 10.Rd1 Nd7 11.Nh4 Nb6 ( 11...Nb6 12.Qb3
Nd6 13.e4 Bg4 14.f3 Be6 15.Qc2 f5 16.Be3 Bf6 17.Bh3 Qc8 18.Ng2
fxe4 19.Bxe6+ Qxe6 20.fxe4 Nf7 21.Rf1 Nc4 22.Qb3 Ng5 23.Bxg5
Bxg5 24.d5 cxd5 25.exd5 Rxf1+ 26.Rxf1 Qb6+ 27.Qxb6 axb6 28.b3
Ne3 29.Rf3 Rc8 30.Ne2 Nxd5 31.a4 e5 32.Rd3 Rc5 33.h4 Be7 34.Ne3
Nxe3 35.Rxe3 Kf7 36.Kg2 Ke6 37.Kf3 Rd5 38.Nc3 Rd4 39.Ne4 Rb4
40.Nd2 g5 41.Nc4 gxh4 42.Nxe5 Bc5 43.Nc6+ Bxe3 44.Nxb4 Bd2 45.Nd3
hxg3 46.Kxg3 Kd5 47.Nb2 Bg5 48.Nc4 Bd8 49.Kg4 Kc5 50.Kf5 h5 51.Ke4
Bc7 52.Ne3 Bd8 53.Nc4 h4 54.Ke3 Bc7 55.Ke4 Kb4 56.Nd2 h3 57.Kf3
Kc3 {0-1, Bauer Martin (GER) 2108 - Steinkohl Thomas (GER) 2243, Saarburg (Germany) 1995}
) 12.Qb3 Nxc3 13.bxc3 Bg4 14.Nf3 Qc8 15.a4 Be6 16.Qc2 Bf5 17.e4
Bh3 18.a5 Bxg2 19.Kxg2 Nd7 20.Rb1 c5 21.Qb3 b6 22.Be3 e6 23.Ra1
Qc6 24.d5 exd5 25.exd5 Qf6 26.Qb5 Qf5 27.axb6 axb6 28.Rxa8 Rxa8
29.c4 Rd8 30.Bf4 Re8 31.Qc6 h6 32.h3 g5 33.Be3 Qxf3+ 34.Kxf3
Ne5+ 35.Ke2 Nxc6 36.dxc6 Rc8 37.f4 gxf4 38.Bxf4 Rxc6 39.Rd6 Rxd6
40.Bxd6 f5 41.Bc7 1/2-1/2

[Event "U. S. Open"]
[Site "Middleton, WI"]
[Date "2013.08.02"]
[Round "7"]
[White "Bradley Hiawatha  (CA)"]
[Black "Varner Murlin  (WA)"]
[Result "1/2-1/2"]
[WhiteElo "1985"]
[BlackElo "1684"]
[Annotator ""]
[Source ""]
[Remark ""]

1.d4 Nf6 2.Nf3 g6 3.e3 Bg7 4.Bd3 d6 5.O-O O-O 6.c4 Nbd7 7.Nc3
b6 8.e4 e5 9.dxe5 Nxe5 10.Nxe5 dxe5 11.Qe2 Bb7 12.Bg5 Qd6 13.Rfd1
c5 14.Bc2 Qe6 15.f3 a6 16.Rd2 h6 17.Be3 Rfd8 18.Rad1 Qe7 19.a4
a5 20.Nd5 Nxd5 21.cxd5 Qd6 22.Bd3 g5 23.Bb5 f6 24.Qf2 Kf7 25.Bc6
Rab8 26.Qe2 Bf8 27.Qb5 Qc7 28.b3 Rd6 29.Qc4 Rbd8 30.Bb5 Qc8 31.Rc1
Kg6 32.g4 Be7 33.h4 Rh8 34.hxg5 hxg5 35.Rh2 Rdd8 36.Rcc2 Bd6
37.Qf1 Rxh2 38.Rxh2 Rh8 39.Qg2 Qf8 40.Qh1 Rxh2 41.Qxh2 Qh6 42.Be8+
Kg7 43.Bh5 Ba6 44.Qd2 Kh7 45.Qc1 Qg7 46.Be8 Qh6 47.Bc6 Qf8 48.Bd7
Qg7 49.Bf5+ Kh8 50.Kg2 Qh6 51.b4 axb4 52.a5 bxa5 53.Bxc5 Bf1+
54.Qxf1 {?} ( 54.Kxf1 Qh1+ 55.Bg1 Qxf3+ 56.Ke1 ) Bxc5 55.Qb5
Qf8 56.Qxa5 Qb8 57.Qa1 Kg7 58.Qa4 Qd8 59.Kf1 Kf8 60.Ke2 Ke7 61.Kd3
Qe8 62.Qa6 Qd8 63.Qe6+ Kf8 64.Bg6 Qe7 65.Qc8+ Kg7 66.Bf5 Bd6
67.Be6 Qf8 68.Qc6 Qe7 69.Kc4 Qc7 70.Qxc7+ Bxc7 71.Kxb4 Bd6+ 1/2-1/2

[Event "U. S. Open"]
[Site "Middleton, WI"]
[Date "2013.08.01"]
[Round "4"]
[White "Trattner Andrew  (OR)"]
[Black "High Walter (NC)"]
[Result "1-0"]
[WhiteElo "1771"]
[BlackElo "1402"]
[Annotator ""]
[Source ""]
[Remark ""]

1.e4 e5 2.Nf3 Nc6 3.d4 exd4 4.Nxd4 Bc5 5.Nxc6 Qf6 6.Qf3 bxc6
7.Be2 d5 8.O-O dxe4 9.Qxe4+ Be6 10.Qxc6+ Bd7 11.Qxa8+ Ke7 12.Qe4+
Be6 13.Bc4 Qd4 14.Qxd4 Bxd4 15.Bxe6 fxe6 16.Nc3 Nf6 17.Bg5 Rf8
18.Rad1 c5 19.Rfe1 Kd7 20.Bxf6 Rxf6 21.Ne4 Rf5 22.c3 1-0

[Event "U. S. Open"]
[Site "Middleton, WI"]
[Date "2013.08.01"]
[Round "4"]
[White "Shanmugavadivel Venkataraja  (NC)"]
[Black "Perkins Sarai  (OR)"]
[Result "1-0"]
[WhiteElo "1294"]
[BlackElo "905"]
[Annotator ""]
[Source ""]
[Remark ""]

1.d4 d5 2.e3 Nf6 3.Bd3 c5 4.c3 c4 5.Bc2 b5 6.a3 Nc6 7.f4 Bb7
8.Nf3 e6 9.O-O Bd6 10.Nbd2 O-O 11.Ne5 Nd7 12.Bxh7+ Kxh7 13.Qh5+
Kg8 14.Rf3 f6 15.Ng6 Kf7 16.Rh3 Rg8 {??} ( 16...Qe8 {=} ) 17.Ne5+
Ke7 18.Qf7# 1-0

[Event "U. S. Open"]
[Site "Middleton, WI"]
[Date "2013.08.01"]
[Round "4"]
[White "Feng Roland  (WA)"]
[Black "Ivanov Alexander  (MA)"]
[Result "0-1"]
[WhiteElo "2268"]
[BlackElo "2622"]
[Annotator ""]
[Source ""]
[Remark ""]

1.d4 d6 2.Nf3 Bg4 3.e3 Nd7 4.h3 Bh5 5.Be2 Ngf6 6.c4 e5 7.Nc3
Be7 8.g4 Bg6 ( 8...Bg6 9.Nh4 Ne4 10.Nxg6 Nxc3 11.bxc3 hxg6 12.Rb1
Rb8 13.Qa4 c6 14.Bf3 O-O 15.O-O f5 16.Bg2 a6 17.Qc2 Qc8 18.Ba3
Rf7 19.f4 e4 20.h4 b5 21.h5 gxh5 22.gxf5 bxc4 23.Rxb8 Qxb8 24.Rb1
Qc8 25.Bh3 Nf6 26.Rb2 Bf8 27.Qb1 Qc7 28.Bf1 Qa5 29.Bxc4 Qxa3
30.Rb3 Qa5 31.Be6 Kh7 32.Bxf7 Qxf5 33.Qf1 Ng4 34.Rb7 Nxe3 35.Qe2
Ng4 36.Be8 Qxf4 37.Rf7 Qg3+ 38.Qg2 Qe3+ 39.Kh1 Be7 40.Bxc6 Qe1+
41.Rf1 Qh4+ 42.Kg1 e3 43.Bf3 Nf2 44.Qh2 Nh3+ 45.Kh1 d5 46.Be2
Bd6 47.Bd3+ Kg8 {0-1, Gurevich Dmitry (USA) 2470 - Norwood David (ENG) 2530, Reykjavik (Iceland) 1990}
) 9.Nh4 c6 10.Nf5 Bxf5 11.gxf5 Qa5 12.dxe5 dxe5 13.Bd2 Qc7 14.Qc2
a5 15.O-O-O Nc5 16.Na4 Nxa4 17.Qxa4 O-O 18.Qc2 Bb4 19.f3 Rfd8
20.Bxb4 axb4 21.Rxd8+ Qxd8 22.Rd1 Qa5 23.b3 g6 24.Rd2 Qc5 25.Qd3
Kg7 26.fxg6 hxg6 27.Kb1 Re8 28.Kc2 Nd5 29.Qe4 Nxe3+ 30.Kb2 Nf5
31.Rd7 Qf2 32.Kc1 Ng3 33.Qh4 Nxe2+ 0-1

[Event "U. S. Open"]
[Site "Middleton, WI"]
[Date "2013.08.01"]
[Round "6"]
[White "Karimikonda Teja  (WI)"]
[Black "Hughes Charles (ID)"]
[Result "0-1"]
[WhiteElo "1520"]
[BlackElo "1732"]
[Annotator ""]
[Source ""]
[Remark ""]

1.e4 c5 2.c3 d6 3.d4 cxd4 4.cxd4 g6 5.b3 Nf6 6.Nd2 Bg7 7.Bb2
O-O 8.Ngf3 Bd7 9.Bd3 Nc6 10.Rc1 Rc8 11.O-O Qa5 12.Bb1 b5 13.Re1
Rfd8 14.Nf1 Qb6 15.Ng3 Bg4 16.d5 Bxf3 17.Qxf3 Nd4 18.Qd1 e5 19.dxe6
Nxe6 20.h3 Nxe4 21.Nxe4 Bxb2 22.Rxc8 Rxc8 23.Qxd6 Qa5 24.Rf1
Rd8 25.Qg3 b4 26.Nd6 Qd5 27.Nc4 Bd4 28.Ne3 Qc5 29.Nc4 Ng7 30.Qf3
Re8 31.Be4 Ne6 32.h4 Kg7 33.Rd1 Qe7 34.g3 Bc3 {=} 35.Ne3 {??}
Nd4 36.Rxd4 Bxd4 37.Bd5 Bxe3 38.fxe3 Qxe3+ 39.Qxe3 Rxe3 40.Bc4
Rxg3+ 41.Kh2 Rg4 42.Kh3 Rxc4 43.bxc4 f5 44.Kg3 Kf7 45.Kf4 Ke6
46.h5 Kd6 47.h6 Kc5 48.Ke5 Kxc4 49.Kf6 f4 50.Kg7 f3 51.Kxh7 f2
52.Kxg6 f1Q 53.h7 Qb1+ 54.Kg7 Qxh7+ 55.Kxh7 Kc3 0-1

[Event "U. S. Open"]
[Site "Middleton, WI"]
[Date "2013.08.01"]
[Round "6"]
[White "Kleist Fredreick  (WA)"]
[Black "Watson John  (CA)"]
[Result "0-1"]
[WhiteElo "2037"]
[BlackElo "2358"]
[Annotator ""]
[Source ""]
[Remark ""]

1.e4 e6 2.d4 d5 3.Nd2 h6 4.Ngf3 Nf6 5.Bd3 c5 6.e5 Nfd7 7.c3 Nc6
8.O-O g5 9.Bb1 g4 10.Ne1 cxd4 11.cxd4 Nxd4 12.Qxg4 Qb6 13.Nd3
h5 14.Qd1 Qc7 15.Re1 Bg7 16.f4 Qb6 17.Kh1 h4 18.Nf1 Nf5 19.Ne3
h3 {%02$14/=} 20.g3 {??} d4 21.Nd5 exd5 22.e6 fxe6 23.Qg4 Kf7
24.Ne5+ Nxe5 25.fxe5 Bd7 26.b3 d3 0-1

[Event "U. S. Open"]
[Site "Middleton, WI"]
[Date "2013.08.01"]
[Round "4"]
[White "Zhang Brendan  (WA)"]
[Black "Turner Bill  (OH)"]
[Result "0-1"]
[WhiteElo "1763"]
[BlackElo "2115"]
[Annotator ""]
[Source ""]
[Remark ""]

1.d4 g6 2.c4 Bg7 3.Nc3 c5 4.e3 Nf6 5.Nf3 O-O 6.g3 cxd4 7.exd4
d5 8.cxd5 Nxd5 9.Bg2 Nc6 10.O-O Nb6 11.Be3 Nc4 12.Qe2 Nxe3 13.fxe3
Bg4 14.h3 Bf5 15.Nd2 Rc8 16.a3 Bh6 17.Nde4 Na5 18.g4 Be6 19.g5
Bc4 20.Qf2 Bxf1 21.Rxf1 Bg7 22.Nc5 e5 23.Rd1 exd4 24.N3e4 dxe3
25.Qe2 Qb6 26.Nd7 Qb3 27.Nxf8 Rxf8 28.Rd3 Qxb2 29.Qxe3 Nc4 30.Qxa7
Qb1+ 31.Bf1 Ne5 32.Re3 Nc6 33.Nc3 Qf5 34.Qxb7 Qxg5+ 35.Kf2 Bd4
36.Nd1 Bxe3+ 37.Nxe3 Qf4+ 38.Kg2 Qxe3 39.Qxc6 Qxa3 40.Bc4 Qa8
41.Qxa8 Rxa8 42.Kg3 Kg7 43.Kg2 Ra3 44.Bd5 h5 45.h4 Kf6 46.Bc6
Ke7 47.Bd5 f6 48.Be4 0-1

[Event "U. S. Open"]
[Site "Middleton, WI"]
[Date "2013.08.03"]
[Round "8"]
[White "Varner Murlin  (WA)"]
[Black "Rennicke Derek  (WI)"]
[Result "1-0"]
[WhiteElo "1633"]
[BlackElo "837"]
[Annotator ""]
[Source ""]
[Remark ""]

1.c4 Nf6 2.Nc3 c5 3.g3 g6 4.Bg2 Bg7 5.Nf3 Nc6 6.d3 O-O 7.O-O
e6 8.e4 b6 9.Bg5 Bb7 {?} 10.e5 Nxe5 11.Nxe5 Bxg2 12.Kxg2 Qc7
13.Bxf6 Bxf6 14.Ng4 Bd4 15.Qf3 f5 16.Nb5 Qc6 17.Qxc6 dxc6 18.Nxd4
cxd4 19.Ne5 c5 20.Rae1 Rfe8 21.a4 Rab8 {?} 22.Nd7 Rb7 23.Nf6+
Kf7 24.Nxe8 Kxe8 25.Rxe6+ Kf7 26.Rfe1 Kg8 27.Re7 Rb8 28.Re8+
Rxe8 29.Rxe8+ Kf7 30.Ra8 a5 31.Rb8 b5 32.Rxb5 Kf6 33.Rxc5 h5
34.f4 g5 35.Re5 gxf4 36.gxf4 h4 37.h3 Kg6 38.c5 Kf7 39.c6 Kf6
40.c7 Kf7 41.c8Q Kg6 42.Re6+ Kg7 43.Qd7+ Kf8 44.Re8# 1-0

[Event "U. S. Open"]
[Site "Middleton, WI"]
[Date "2013.08.01"]
[Round "3"]
[White "Esko Wesley  (WA)"]
[Black "Hansen Jack  (MN)"]
[Result "1-0"]
[WhiteElo "1538"]
[BlackElo "956"]
[Annotator ""]
[Source ""]
[Remark ""]

1.e4 e5 2.Nf3 Nc6 3.d4 d6 4.dxe5 Nxe5 5.Nxe5 dxe5 6.Qxd8+ Kxd8
7.Nc3 Bb4 8.Bd2 Nf6 9.f3 ( 9.Bd3 Be6 10.a3 Ba5 11.O-O c5 12.Rad1
c4 13.Be2 Bb6 14.Bf4+ Ke7 15.Bxe5 h5 16.Nd5+ Ke8 17.Bxc4 Nxe4
18.Bb5+ Kf8 19.Nxb6 axb6 20.Rd4 f6 21.Rxe4 fxe5 22.Rxe5 Bg4 23.Rfe1
Kf7 24.f3 Bc8 25.Be8+ Kf6 26.Re7 Rf8 27.Bxh5 Ra5 28.Bg4 Rc5 29.Bxc8
Rfxc8 30.R1e6+ Kf5 31.g4+ Kg5 32.Kg2 Kh4 33.Re2 Rxc2 34.R7e5
g6 35.R5e4 R8c5 36.b4 R5c3 37.Rxc2 Rxc2+ 38.Kf1 Rxh2 39.Re6 Kg3
40.Rxg6 Kxf3 41.Ke1 Re2+ 42.Kd1 Ra2 43.Rxb6 Kxg4 44.Rxb7 Rxa3
45.b5 Rb3 46.Kc2 Ra3 47.b6 Kf5 48.Rb8 Ra2+ 49.Kb3 Ra5 50.b7 Ke6
51.Re8+ Kd5 52.b8Q Kc5 53.Qb4+ Kc6 54.Qxa5 Kd6 55.Qd2+ Kc7 56.Qh6
Kd7 57.Rg8 Ke7 58.Rg7+ Kf8 59.Qh8# {1-0, Pejnovic Vladislava (YUG) - Jorgensen Marie (DEN), Szeged (Hungary) 1994}
) Nh5 10.Bc4 f5 11.O-O-O f4 12.Bxf4+ Bd7 13.Bxe5 Re8 14.Bd4 Bxc3
15.Bxc3 Nf4 16.Rhg1 a6 17.Rd2 b5 18.Bb3 c5 19.Bd5 Nxd5 20.Rxd5
c4 21.Bxg7 1-0

[Event "U. S. Open"]
[Site "Middleton, WI"]
[Date "2013.08.01"]
[Round "3"]
[White "Van Dyke Patrick (WA)"]
[Black "Fedorowicz John  (NY)"]
[Result "0-1"]
[WhiteElo "2129"]
[BlackElo "2491"]
[Annotator ""]
[Source ""]
[Remark ""]

1.e4 c5 2.Nf3 Nc6 3.c3 Nf6 4.d3 d6 5.g3 c4 6.Bg2 ( 6.dxc4 Nxe4
7.Bg2 Bd7 8.O-O Nf6 9.Re1 Qc7 10.Na3 a6 11.c5 d5 12.c4 O-O-O
13.Bf4 Qa5 14.cxd5 Bg4 15.Bd2 Rxd5 16.Bxa5 Rxd1 17.Raxd1 Nxa5
18.Rc1 Bxf3 19.Bxf3 e6 20.b4 Nc6 21.Bxc6 bxc6 22.Nc4 Nd7 23.Red1
Kc7 24.Rxd7+ Kxd7 25.Ne5+ Kc7 26.Nxf7 Rg8 27.Ng5 Be7 28.Nxe6+
Kd7 29.Nf4 Rb8 30.Rd1+ Ke8 31.Rd4 a5 32.a3 axb4 33.axb4 Bf6 34.Re4+
Kd7 35.Nd3 Kc7 36.Kf1 Kb7 37.Re6 Rc8 38.Ne5 Bxe5 39.Rxe5 Rc7
40.Re8 Ka7 41.h4 Rb7 42.Rc8 Rxb4 43.Rc7+ Rb7 44.Rxb7+ Kxb7 45.Ke2
Ka6 46.Kd3 Kb5 47.Kd4 h5 48.f3 g6 49.g4 g5 50.hxg5 {1-0, Sergeev Vladimir (UKR) 2506 - Grafl Florian (GER) 2373, Pardubice (Czech Republic) 2001}
) cxd3 7.Qxd3 g6 8.Bf4 Bg7 9.O-O O-O 10.Na3 Nd7 11.Rad1 Qa5 12.Rfe1
Nde5 13.Nxe5 Nxe5 14.Bxe5 Qxe5 15.Nc4 Qc5 16.Ne3 Be6 17.Nd5 Bxd5
18.Qxd5 Qc7 19.Re2 Rab8 20.Kh1 b5 21.a3 a5 22.Qd3 b4 23.cxb4
axb4 24.axb4 Rxb4 25.b3 Rfb8 26.Re3 Bd4 27.Rf3 Bf6 28.Kg1 Qb6
29.Rb1 Rd4 30.Qe2 Rc8 31.Bf1 Qb4 32.Re3 Bg5 33.Qa6 Rf8 34.f4
Rxe4 35.Rxe4 Qxe4 36.Qd3 Qxd3 37.Bxd3 Bf6 38.b4 Rc8 39.b5 Rc3
40.Be4 Bd4+ 41.Kg2 Bb6 42.h3 e6 43.Rb2 d5 44.Bf3 h6 45.g4 Kg7
46.Kg3 Bc7 47.b6 Bb8 48.h4 g5 49.hxg5 hxg5 50.b7 Bxf4+ 51.Kf2
Bb8 52.Rb6 Kf8 53.Bd1 Ke7 54.Ba4 Rc4 55.Ra6 Rxg4 56.Ra8 Be5 57.Re8+
Kf6 58.Bb5 Rb4 59.b8Q Bxb8 60.Rxb8 Ke5 61.Rb7 f5 62.Ba6 Rxb7
63.Bxb7 Kf4 64.Bc6 d4 65.Ke2 e5 66.Bd7 e4 67.Bc8 d3+ 68.Kd2 g4 0-1

[Event "U. S. Open"]
[Site "Middleton, WI"]
[Date "2013.08.01"]
[Round "4"]
[White "Friske Thomas  (IL)"]
[Black "Grabinsky Aaron  (OR)"]
[Result "0-1"]
[WhiteElo "1874"]
[BlackElo "2055"]
[Annotator ""]
[Source ""]
[Remark ""]

1.d4 Nf6 2.Nf3 e6 3.c4 Bb4+ 4.Bd2 Qe7 5.e3 Nc6 6.a3 Bxd2+ 7.Qxd2
a5 8.b3 ( 8.Bd3 d6 9.Nc3 e5 10.Nd5 Qd8 11.O-O O-O 12.Nxf6+ Qxf6
13.d5 Ne7 14.Qc2 Qh6 15.Nd2 f5 16.f4 Qf6 17.Qc3 g5 18.fxe5 dxe5
19.Bxf5 Bxf5 20.e4 Qb6+ 21.c5 Qb5 22.exf5 Nxd5 23.Qxe5 Qxc5+
24.Kh1 Rae8 25.Qg3 Qe3 26.Nf3 h6 27.Qh3 Kg7 28.Qh5 Nf4 29.Qg4
Nd3 30.h4 Re4 31.Qh5 Nf4 32.Qg4 Ne2 33.f6+ Rxf6 34.Qd7+ Re7 35.Qh3
Qf4 {0-1, Martinez Martin David (ESP) 2354 - Suarez Pousa Diego (ESP) 2399, Torrelavega (Spain) 2002}
) d6 9.Nc3 e5 10.d5 Nb8 11.Be2 Bf5 12.O-O Nbd7 13.b4 O-O 14.Qb2
c6 15.Rfd1 Ne8 16.dxc6 bxc6 17.b5 c5 18.Nd5 Qd8 19.Qd2 Be6 20.a4
f5 21.Ne1 Kh8 22.Ra3 Bxd5 23.Qxd5 Nb6 24.Qd2 e4 25.f3 exf3 26.Nxf3
Qf6 27.Qc2 Qe7 28.Ne1 Nf6 29.Rad3 Qe6 30.Bf3 Rad8 31.Rc3 g5 32.Bc6
Ne4 33.Bxe4 fxe4 34.Rd2 Qf5 35.Rf2 Qxf2+ 36.Qxf2 Rxf2 37.Kxf2
Nxa4 38.Rc2 Nb6 39.Ke2 d5 40.cxd5 Rxd5 41.Ra2 a4 42.Nc2 Rd3 43.Ra3
c4 44.Ra2 Nd5 45.Ke1 Nb6 46.Ke2 Kg7 47.Na3 Nd5 48.Kf2 Nb6 49.Nxc4
Nxc4 50.Rxa4 Nd6 51.Rb4 Ra3 52.b6 Ra8 53.Rd4 Rd8 54.b7 Nxb7 55.Rxe4
Kf6 56.h4 h6 57.hxg5+ hxg5 58.g4 Nc5 0-1

[Event "U. S. Open"]
[Site "Middleton, WI"]
[Date "2013.08.01"]
[Round "4"]
[White "Campbell Tim  (WA)"]
[Black "Borman Kelly  (WI)"]
[Result "0-1"]
[WhiteElo "1762"]
[BlackElo "2012"]
[Annotator ""]
[Source ""]
[Remark ""]

1.e4 e5 2.Nf3 Nc6 3.d4 exd4 4.Nxd4 Nf6 5.Nc3 Bb4 6.Nxc6 bxc6
7.Bd2 O-O 8.Bd3 d5 9.O-O Bxc3 10.Bxc3 Nxe4 11.Bxe4 dxe4 12.Be5
Be6 13.Qxd8 Rfxd8 14.Rad1 Rac8 15.Bxc7 Rxd1 16.Rxd1 Bxa2 17.b3
( 17.Bf4 ) Bb1 18.Rd2 Bxc2 19.b4 Bd3 20.Bd6 Rd8 21.Bc5 a6 22.f3
f5 23.Kf2 Rd5 24.Ra2 Kf7 25.Ke3 g5 26.g3 exf3 27.Kxf3 Be4+ 28.Ke3
Rd3+ 29.Ke2 f4 30.gxf4 gxf4 31.Rxa6 Rh3 32.Ra7+ Kg6 33.Bg1 Rb3
34.Rb7 Rb2+ 35.Ke1 Rb1+ 36.Kf2 Kh5 37.h3 Kh4 38.Bh2 Rb2+ 39.Kg1
Rg2+ 40.Kh1 Rg7# 0-1

[Event "U. S. Open"]
[Site "Middleton, WI"]
[Date "2013.08.01"]
[Round "2"]
[White "Lodh Anish  (IA)"]
[Black "Haessler Carl  (OR)"]
[Result "0-1"]
[WhiteElo "1244"]
[BlackElo "2210"]
[Annotator ""]
[Source ""]
[Remark ""]

1.e4 e5 2.Nf3 f5 3.d3 Nc6 4.Nc3 Nf6 5.d4 exd4 6.Nxd4 fxe4 7.Nd5
Nxd4 8.Qxd4 c6 9.Nxf6+ Qxf6 10.Qxe4+ Be7 11.c4 O-O 12.Bd3 Bb4+
13.Kd1 g6 14.Bf4 d6 15.Rb1 Bf5 0-1

[Event "U. S. Open"]
[Site "Middleton, WI"]
[Date "2013.08.01"]
[Round "1"]
[White "Esko Wesley  (WA)"]
[Black "Ukoli James  (TX)"]
[Result "0-1"]
[WhiteElo "1538"]
[BlackElo "2088"]
[Annotator ""]
[Source ""]
[Remark ""]

1.e4 c5 2.Nf3 d6 3.d4 cxd4 4.Nxd4 Nf6 5.Nc3 a6 6.Be3 Ng4 7.Qd2
Nxe3 8.Qxe3 e6 9.f4 Be7 10.g3 O-O 11.O-O-O Nc6 12.e5 Nxe5 13.Bg2
Nc4 14.Qe2 d5 15.Nb3 Bf6 16.Rd3 Qc7 17.Nd1 Rb8 18.Rf1 a5 19.Nd2
b5 20.g4 Ba6 21.g5 Be7 22.Rh3 0-1

[Event "U. S. Open"]
[Site "Middleton, WI"]
[Date "2013.08.01"]
[Round "4"]
[White "Daitchman Elchonon  (IL)"]
[Black "Van Dyke Patrick (WA)"]
[Result "0-1"]
[WhiteElo "1777"]
[BlackElo "2129"]
[Annotator ""]
[Source ""]
[Remark ""]

1.e4 c5 2.Nf3 Nc6 3.d4 cxd4 4.Nxd4 g6 5.c3 Bg7 6.Be3 Nf6 7.Nd2
O-O 8.Be2 d5 9.Nxc6 bxc6 10.Bf3 Ba6 ( 10...Ba6 11.Qc2 dxe4 12.Nxe4
Nd5 13.Nc5 Bc8 14.Bd2 Qb6 15.Na4 Qa5 16.O-O Bf5 17.Be4 Bxe4 18.Qxe4
Nf6 19.Qc2 Qh5 20.h3 Rfd8 21.Bf4 g5 22.Bg3 g4 23.Qe2 Qa5 24.b3
gxh3 25.gxh3 Qf5 26.Kh2 Ne4 27.Rad1 h5 28.Kg2 Bf6 29.Rxd8+ Rxd8
30.Re1 Nd2 31.c4 h4 32.Be5 Rd3 33.Qg4+ Qxg4+ 34.hxg4 h3+ 35.Kh1
Bxe5 36.Rxe5 Nf3 {0-1, Doerr Klaus - Bellingrath Jens (GER) 2128, Waldshut (Germany) 1981}
) 11.Qc2 Qc7 12.c4 dxe4 13.Nxe4 Nd7 14.O-O Rab8 15.Rab1 Ne5 16.Be2
Rfd8 17.Nc5 Bc8 18.Rbd1 Rxb2 19.Rxd8+ Qxd8 20.Qxb2 Nf3+ 21.Bxf3
Bxb2 22.Bxc6 Qc7 23.Bf3 Kg7 24.Rb1 Ba3 25.Bd4+ e5 0-1

[Event "U. S. Open"]
[Site "Middleton, WI"]
[Date "2013.08.01"]
[Round "1"]
[White "Tiglon Bryce  (WA)"]
[Black "Kaufman Alan  (MI)"]
[Result "1-0"]
[WhiteElo "2129"]
[BlackElo "1575"]
[Annotator ""]
[Source ""]
[Remark ""]

1.e4 d6 2.d4 Nf6 3.Nc3 g6 4.f3 Bg7 5.Be3 e5 6.Bc4 exd4 7.Qxd4
Nc6 8.Qd2 Be6 9.Bxe6 fxe6 10.Bh6 Qe7 11.Bxg7 Qxg7 12.Nge2 O-O
13.O-O Rf7 14.Rad1 Raf8 15.Nd4 Nxd4 16.Qxd4 Ne8 17.Qxa7 b6 18.Qa6
Qh6 19.Qc4 g5 20.Ne2 e5 21.Nc3 Kh8 22.Nd5 Qg6 23.Ne3 h5 24.h3
Ng7 25.a4 Ne6 26.b4 Nf4 27.a5 bxa5 28.bxa5 g4 29.fxg4 hxg4 30.Nxg4
Qh5 31.Rf3 Qh4 32.a6 Qd8 33.Nxe5 1-0

[Event "U. S. Open"]
[Site "Middleton, WI"]
[Date "2013.08.01"]
[Round "5"]
[White "Offertaler Bendeguz  (MD)"]
[Black "Feng Roland  (WA)"]
[Result "1/2-1/2"]
[WhiteElo "2089"]
[BlackElo "2268"]
[Annotator ""]
[Source ""]
[Remark ""]

1.e4 e6 2.d4 d5 3.Nc3 Nf6 4.Bg5 Be7 5.e5 Nfd7 6.Bxe7 Qxe7 7.f4
a6 8.Nf3 c5 9.dxc5 Nxc5 10.Bd3 Nc6 11.Qd2 b5 12.O-O-O b4 13.Ne2
a5 14.Ned4 Nxd4 15.Nxd4 O-O 16.Qf2 Ba6 17.Kb1 Rfc8 18.f5 b3 19.f6
bxa2+ 20.Ka1 Qe8 21.Bxh7+ Kxh7 22.Qh4+ Kg8 23.fxg7 Kxg7 24.Nf5+
exf5 25.Qg5+ Kf8 26.Qh6+ Kg8 27.Qg5+ Kh8 28.Qh6+ 1/2-1/2

[Event "U. S. Open"]
[Site "Middleton, WI"]
[Date "2013.08.01"]
[Round "5"]
[White "Porth Desmond  (ID)"]
[Black "Henderson Zachary  (MN)"]
[Result "1/2-1/2"]
[WhiteElo "1036"]
[BlackElo "1498"]
[Annotator ""]
[Source ""]
[Remark ""]

1.e4 e6 2.Nf3 d5 3.Nc3 c5 4.exd5 exd5 5.d4 Nf6 6.Bb5+ Bd7 7.Bf4
a6 8.Bd3 Nc6 9.dxc5 Bxc5 10.O-O O-O 11.a3 Bg4 12.h3 Bh5 13.g4
Nxg4 14.hxg4 Bxg4 15.Bxh7+ Kh8 16.Qd3 Bxf3 17.Qxf3 Kxh7 18.Kg2
Qf6 19.Rh1+ Kg8 20.Qh5 Qg6+ 21.Kf1 Qxh5 22.Rxh5 Nd4 23.Rxd5 Ne6
24.Bd6 Bxd6 25.Rxd6 Rfd8 26.Rad1 Rxd6 27.Rxd6 Rd8 28.Rxd8+ Nxd8
29.Ne4 Kf8 1/2-1/2

[Event "U. S. Open"]
[Site "Middleton, WI"]
[Date "2013.08.01"]
[Round "2"]
[White "Wolf Stuart  (ND)"]
[Black "Esko Wesley  (WA)"]
[Result "1-0"]
[WhiteElo "100"]
[BlackElo "1538"]
[Annotator ""]
[Source ""]
[Remark ""]

1.e4 c6 2.Nf3 d5 3.exd5 cxd5 4.Bb5+ Bd7 5.Bxd7+ Qxd7 6.O-O Nc6
7.d4 Nf6 8.Nc3 e6 9.Bf4 Bd6 10.Ne5 Qc7 11.Nb5 Qb8 12.Nxc6 bxc6
13.Nxd6+ Kd7 14.Qd2 Qf8 15.Qa5 Nh5 16.Nxf7 Qxf7 17.Qc7+ Ke8 18.Qxc6+
Ke7 19.Bg5+ Nf6 20.Qb7+ 1-0

[Event "U. S. Open"]
[Site "Middleton, WI"]
[Date "2013.08.01"]
[Round "5"]
[White "Pemsler Carmen  (ID)"]
[Black "Zhou Ziwen  (IA)"]
[Result "0-1"]
[WhiteElo "1635"]
[BlackElo "1894"]
[Annotator ""]
[Source ""]
[Remark ""]

1.c4 Nf6 2.Nc3 e6 3.g3 d5 4.cxd5 exd5 5.d4 c6 6.Bg2 Bd6 7.Nf3
Bf5 8.O-O Nbd7 9.Re1 O-O 10.Bg5 h6 11.Bxf6 ( 11.Bd2 Ne4 12.Nh4
Bh7 13.Bxe4 dxe4 14.f4 Re8 15.Ng2 Nf6 16.e3 Qd7 17.Rc1 Bg6 18.Qc2
Qh3 19.Re2 Bh5 20.Be1 Bxe2 21.Qxe2 Rad8 22.Nd1 Ng4 23.Nh4 c5
24.dxc5 Bxc5 25.Nf5 Rd5 26.Nd4 Bxd4 27.exd4 Rxd4 28.Ne3 Nxe3
29.Qxe3 Red8 30.Rc5 Qg4 31.Kg2 Qd1 32.Bc3 Rd3 33.Qxe4 Qc2+ 34.Kh3
Rxg3+ 35.hxg3 Qxe4 36.Re5 Qf3 37.Kh2 Rd1 38.Be1 Rxe1 {0-1, Said Nafri 1999 - Monroy Charles (FRA) 2299, Nantes (France) 2004.12.27}
) Nxf6 12.Nd2 Re8 13.f3 Bf8 14.Nb3 Qc8 15.e4 dxe4 16.fxe4 Bg6
17.e5 Nd7 18.Bh3 Qd8 19.Qf3 Bb4 20.Rf1 Bxc3 21.bxc3 Qc7 22.Bxd7
Qxd7 23.Nc5 Qe7 24.Ne4 Bxe4 25.Qxe4 Rac8 26.Rab1 b6 27.Rfe1 Qe6
28.Qg2 Red8 29.Rbd1 Rd7 30.Rd3 Rcd8 31.Qd2 c5 32.Qb2 cxd4 33.cxd4
Rd5 34.Qd2 R8d6 35.Re2 Qg4 36.Kg2 Rxd4 37.Rxd4 Qxd4 38.Qc2 Qc5
39.Qa4 Qd5+ 40.Kf2 Qd4+ 41.Qxd4 Rxd4 42.Ke3 Ra4 43.Rb2 Kf8 44.Rf2
Ke7 45.Kd3 Ke6 46.Ke3 Ra5 47.Kd4 Rd5+ 48.Kc4 Rxe5 49.Rd2 Rc5+
50.Kb4 f5 51.Re2+ Kf6 52.Rd2 Re5 53.Rd6+ Re6 54.Rd2 g5 55.Rf2
Rc6 56.Kb5 Rc7 57.Rd2 f4 58.Rd6+ Ke5 59.Rxh6 f3 60.Rh8 Rf7 0-1

[Event "U. S. Open"]
[Site "Middleton, WI"]
[Date "2013.08.01"]
[Round "5"]
[White "Zhong Howard  (OK)"]
[Black "Campbell Tim  (WA)"]
[Result "1-0"]
[WhiteElo "1960"]
[BlackElo "1762"]
[Annotator ""]
[Source ""]
[Remark ""]

1.d4 d5 2.c4 e6 3.Nf3 Nf6 4.g3 Nbd7 5.Bg2 Be7 6.O-O O-O 7.Qc2
c5 8.cxd5 Nxd5 9.Rd1 Qc7 10.Bd2 cxd4 11.Qxc7 Nxc7 12.Nxd4 Bf6
13.Bc3 Nb6 14.Nd2 Ncd5 15.Ne4 Be5 16.Nb5 Bd7 17.Bxe5 Bxb5 18.e3
Rfd8 19.b3 Rac8 20.Nd6 Rxd6 21.Bxd6 Nc3 22.Re1 Nbd5 23.a4 Bd3
24.e4 Nf6 25.f3 Bc2 26.Be5 Bxb3 27.Ra3 Nd7 28.Rxb3 Nxe5 29.Rxb7
a5 30.Ra7 Nxa4 31.Rxa5 Nd3 32.Ra1 Ndc5 33.R5xa4 Nxa4 34.Rxa4
f5 35.e5 Rc1+ 36.Bf1 g5 37.Ra6 Kf7 38.Ra7+ Kg6 39.Re7 Re1 40.Rxe6+
Kf7 41.Rf6+ Ke7 42.Rxf5 h6 43.f4 Ke6 44.Rf6+ Ke7 45.Rxh6 gxf4
46.gxf4 Kf7 47.Rf6+ Kg7 48.h4 Kh7 49.e6 Kg7 50.Rf7+ Kg8 51.f5
Ra1 52.Rb7 Re1 53.f6 Re4 54.Rb8+ Kh7 55.Bd3 1-0